000
00316 a2200157 4500
001
179388
020
_a
040
_c
Magnum
100
_a
Jose, Elias
240
1
0
_a
Sem pe nem cabeca
_l
por
245
1
0
_a
Sem pe nem cabeca
362
0
_a
1899
440
1
_a
Formato
697
_a
MAGNITO: IJ/GERAL
942
_c
BK
999
_c
179388
_d
179388